All Preceding United States Governors by Picture - Statistics

General Stats
  • This quiz has been taken 66 times
    10 since last reset
  • The average score is 33 of 50
Answer Stats
Picture Hint Answer % Correct
R-South Carolina Nikki Haley
100%
D-New York Andrew Cuomo
88%
R-Arkansas Asa Hutchinson
88%
R-North Dakota Doug Burgum
88%
R-Arizona Doug Ducey
88%
R-Virginia Glenn Youngkin
88%
R-West Virginia Jim Justice
88%
R-Ohio John Kasich
88%
R-South Dakota Kristi Noem
88%
R-Maryland Larry Hogan
88%
R-Florida Rick Scott
88%
D-North Carolina Roy Cooper
88%
D-Pennsylvania Tom Wolf
88%
R-Illinois Bruce Rauner
75%
R-Massachusetts Charlie Baker
75%
R-New Hampshire Chris Sununu
75%
D-Hawaii David Ige
75%
D-California Jerry Brown
75%
D-Louisiana John Bel Edwards
75%
D-Colorado John Hickenlooper
75%
D-Oregon Kate Brown
75%
R-Nebraska Pete Ricketts
75%
D-New Jersey Phil Murphy
75%
R-New Mexico Susana Martinez
75%
I-Alaska Bill Walker
63%
R-Idaho Butch Otter
63%
D-Rhode Island Gina Raimondo
63%
D-Washington Jay Inslee
63%
R-Oklahoma Mary Fallin
63%
R-Maine Paul LePage
63%
R-Texas Rick Perry
63%
R-Wisconsin Scott Walker
63%
D-Montana Steve Bullock
63%
D-Nevada Steve Sisolak
63%
D-Delaware Bethany Hall-Long
50%
R-Indiana Eric Holcomb
50%
R-Kansas Jeff Colyer
50%
D-Minnesota Mark Dayton
50%
R-Missouri Mike Parson
50%
D-Vermont Peter Shumlin
50%
R-Michigan Rick Snyder
50%
R-Iowa Terry Branstad
50%
R-Tennessee Bill Haslam
38%
D-Connecticut Dannel Malloy
38%
R-Kentucky Matt Bevin
38%
R-Wyoming Matt Mead
38%
R-Georgia Nathan Deal
38%
R-Alabama Robert J. Bentley
38%
R-Utah Gary Herbert
25%
R-Mississippi Phil Bryant
25%
No matching quizzes found
Score Distribution
Percent of People with Each Score
Percentile by Number Answered
Your Score History
You have not taken this quiz since the last reset